[Event "22nd World Seniors Women"]
[Site "Kamena Vourla GRE"]
[Date "2012.11.18"]
[Round "6.2"]
[White "Gaprindashvili,N1"]
[Black "Strutinskaya,G"]
[Result "0-1"]
[WhiteElo "2350"]
[BlackElo "2325"]

1.d4 f5 2.g3 Nf6 3.Bg2 d6 4.Nf3 g6 5.O-O Bg7 6.d5 O-O 7.Nd4 Bd7 8.c4 c5 9.Ne6 Bxe6
10.dxe6 Nc6 11.Nc3 Kh8 12.e4 fxe4 13.Nxe4 Nxe4 14.Bxe4 Rb8 15.Rb1 Nd4 16.h4 Qe8
17.Bd5 b5 18.cxb5 Rxb5 19.Be3 Nf5 20.b3 Rb4 21.a3 Rb8 22.Bg5 Bd4 23.Kg2 Ng7
24.g4 Bf6 25.Qd2 Qc8 26.Rbe1 Ne8 27.Rh1 Ng7 28.Re4 Qa6 29.Ra4 Qb6 30.Be3 Qc7
31.Ra6 Nxe6 32.g5 Be5 33.h5 gxh5 34.Bxe6 Qb7+ 35.Bd5 Qxa6 36.Qd1 Rg8 37.Bxg8 Rxg8
38.Qxh5 Qd3 39.Qf7 Bf6 40.Kf3 Rxg5  0-1

[Event "22nd World Seniors Women"]
[Site "Kamena Vourla GRE"]
[Date "2012.11.19"]
[Round "7.4"]
[White "Khmiadashvili,T"]
[Black "Gaprindashvili,N1"]
[Result "1/2-1/2"]
[WhiteElo "2115"]
[BlackElo "2350"]

1.e4 b6 2.d4 Bb7 3.Bd3 e6 4.Qe2 g6 5.Nf3 Bg7 6.c3 Ne7 7.Nbd2 d6 8.Nf1 Nd7
9.Ba6 Qc8 10.Bd3 a6 11.Ng3 c5 12.Bd2 Qc7 13.a4 h6 14.O-O O-O 15.h4 e5 16.dxe5 dxe5
17.h5 Nf6 18.Nh4 g5 19.Nhf5 Nxf5 20.Nxf5 Rad8 21.Nxg7 Kxg7 22.Rfd1 a5 23.b4 c4
24.Bxc4 Nxe4 25.Be1 Rc8 26.Bd5 Bxd5 27.Rxd5 Nxc3 28.Bxc3 Qxc3 29.Qxe5+ Qxe5
30.Rxe5  1/2-1/2

[Event "22nd World Seniors Women"]
[Site "Kamena Vourla GRE"]
[Date "2012.11.21"]
[Round "8.5"]
[White "Gaprindashvili,N1"]
[Black "Khropova,L"]
[Result "1-0"]
[WhiteElo "2350"]
[BlackElo "2014"]

1.d4 d5 2.c4 c6 3.Nf3 Nf6 4.Qc2 e6 5.g3 b6 6.Bg2 Bb7 7.O-O Bd6 8.Nbd2 Nbd7
9.e4 dxe4 10.Nxe4 Nxe4 11.Qxe4 Nf6 12.Qe2 O-O 13.Rd1 h6 14.b3 Qe7 15.Bb2 Ba3
16.Bxa3 Qxa3 17.Ne5 Rac8 18.Rd2 Qe7 19.Rad1 Rfd8 20.Qf3 Ba8 21.Qc3 Qc7 22.b4 Bb7
23.Qb3 Ba8 24.Qe3 Bb7 25.Bf1 c5 26.dxc5 Rxd2 27.Rxd2 bxc5 28.b5 Ba8 29.Bg2 Bxg2
30.Kxg2 Qb7+ 31.f3 Rc7 32.Rd8+ Kh7 33.Qd3+ g6 34.Qd6 Re7 35.Qxc5 Kg7 36.Nc6 Re8
37.Rxe8 Nxe8 38.Qxa7 Qc8 39.Qd4+  1-0

[Event "22nd World Seniors Women"]
[Site "Kamena Vourla GRE"]
[Date "2012.11.22"]
[Round "9.4"]
[White "Kierzek,Mi"]
[Black "Gaprindashvili,N1"]
[Result "1/2-1/2"]
[WhiteElo "2010"]
[BlackElo "2350"]

1.d4 c5 2.e3 Nf6 3.Nf3 e6 4.Bd3 b6 5.O-O Bb7 6.b3 Be7 7.Bb2 O-O 8.Nbd2 cxd4
9.exd4 d6 10.c4 Nbd7 11.Bc2 d5 12.Ne5 Re8 13.f4 g6 14.Qe2 Bf8 15.Rae1 Rc8
16.Bd3 Bb4 17.a3 Bf8 18.b4 dxc4 19.Ndxc4 Nb8 20.Kh1 Nc6 21.Nxc6 Bxc6 22.Ne5 Bb7
23.Rc1 Qd5 24.Bc4 Qd6 25.Ba6 Rxc1 26.Rxc1 Bd5 27.Kg1 Bh6 28.g3 Bf8 29.Qc2 Re7
30.Bf1 Ne8 31.Bg2 Rc7 32.Qd2 Rxc1+ 33.Qxc1 Bxg2 34.Kxg2 Qd5+ 35.Kg1 Nd6 36.Qc2 Qe4
37.Qxe4  1/2-1/2

[Event "22nd World Seniors Women"]
[Site "Kamena Vourla GRE"]
[Date "2012.11.23"]
[Round "10.4"]
[White "Gaprindashvili,N1"]
[Black "Fatalibekova,E"]
[Result "0-1"]
[WhiteElo "2350"]
[BlackElo "2266"]

1.d4 Nf6 2.c4 e6 3.Nf3 Bb4+ 4.Nbd2 b6 5.e3 Bb7 6.Bd3 O-O 7.O-O d5 8.a3 Bd6
9.b4 c6 10.Qc2 Nbd7 11.c5 Bc7 12.Bb2 bxc5 13.bxc5 h6 14.Rab1 a5 15.Ne5 Nxe5
16.dxe5 Nd7 17.f4 Ba6 18.Bxa6 Rxa6 19.Bd4 f5 20.Rb7 a4 21.Nc4 Qc8 22.Rfb1 dxc4
23.Qxc4 Nb8 24.Rxc7 Qxc7 25.Qxe6+ Kh7 26.Qd6 Qc8 27.e6 Ra7 28.e4 fxe4 29.Qe5 Qe8
30.f5 Na6 31.Qxe4 Kg8 32.Qe5 Qe7 33.Rb6 Qg5 34.h4 Qxf5 35.e7 Qf1+ 36.Kh2 Rxe7
37.Qxe7 Qf4+ 38.Kh3 Qxd4 39.Rxc6 Qd5 40.Qd6 Qxd6 41.cxd6 Nb8 42.Rc7 Rd8 43.Kg4 Kh7
44.Rb7 Nc6 45.Rb6 Rxd6 46.Kh3 Rd3+  0-1

[Event "22nd World Seniors Women"]
[Site "Kamena Vourla GRE"]
[Date "2012.11.24"]
[Round "11.6"]
[White "Tsygankova,Enni"]
[Black "Gaprindashvili,N1"]
[Result "0-1"]
[WhiteElo "1843"]
[BlackElo "2350"]

1.d4 g6 2.Bf4 Bg7 3.e3 d6 4.c3 Nd7 5.Nf3 Ngf6 6.h3 O-O 7.Be2 b6 8.O-O Bb7
9.Nbd2 e6 10.Qc2 Qe7 11.a3 e5 12.dxe5 dxe5 13.Bh2 e4 14.Nd4 Ne5 15.Rfd1 c5
16.N4b3 Rad8 17.Nc1 Qe6 18.Nf1 Nf3+ 19.Kh1 Nxh2 20.Kxh2 Rxd1 21.Qxd1 Nd7
22.Bb5 Ne5 23.Be2 Qf6 24.Qe1 Rd8 25.Nb3 Bf8 26.Nbd2 Bd6 27.Kg1 Bc7 28.Rd1 Qe6
29.Nh2 Qa2 30.Ng4 Nxg4 31.hxg4 Qxb2 32.Nb1 Kg7 33.Rxd8 Bxd8 34.Qd1 Bf6 35.Bc4 Bc6
36.g3 Bxc3 37.Nxc3 Qxc3 38.Qb3 Qxb3 39.Bxb3 b5 40.Kf1 Kf6 41.Ke2 c4 42.Bc2 a5  0-1

[Event "World Seniors w 2013"]
[Site "Opatija CRO"]
[Date "2013.11.12"]
[Round "1.1"]
[White "Khropova,L"]
[Black "Gaprindashvili,N1"]
[Result "1/2-1/2"]
[WhiteElo "2009"]
[BlackElo "2312"]

1.d4 g6 2.c4 d6 3.e4 Nd7 4.Nc3 e5 5.d5 Nh6 6.Be3 f6 7.f3 f5 8.Qd2 f4 9.Bf2 Nf7
10.O-O-O Bh6 11.Kb1 O-O 12.Nge2 a5 13.Nc1 b6 14.Nb3 a4 15.Na1 Nc5 16.Nc2 Bd7
17.Na3 Qb8 18.Bd3 Nxd3  1/2-1/2

[Event "World Seniors w 2013"]
[Site "Opatija CRO"]
[Date "2013.11.13"]
[Round "2.6"]
[White "Gaprindashvili,N1"]
[Black "Milligan,H"]
[Result "1/2-1/2"]
[WhiteElo "2312"]
[BlackElo "1977"]

1.d4 Nf6 2.c4 g6 3.Nc3 Bg7 4.e4 d6 5.Be2 O-O 6.Bg5 Na6 7.Qd2 c5 8.d5 Nc7
9.h4 h5 10.f3 a6 11.a4 Bd7 12.a5 Qe8 13.Bd3 e6 14.Nge2 e5 15.Bh6 Qe7 16.Kd1 Rfe8
17.Bxg7 Kxg7 18.Kc2 Rab8 19.Ng3 b6 20.axb6 Rxb6 21.Qg5 Kh7 22.Ra5 Ng8 23.Qxe7 Nxe7
24.Rf1 Ng8 25.Nge2 Nh6 26.Nc1 Kg7 27.Nd1 f5 28.Ne3 f4 29.Nd1 Rf8 30.Kc3 Kf6
31.Bc2 Rg8 32.Rh1 g5 33.hxg5+ Rxg5 34.Rh2 Rb8 35.Nd3 Nf7 36.Ba4 Bxa4 37.Rxa4 Rbg8
38.Ne1 Rh8 39.Nf2 Ke7 40.b4 cxb4+ 41.Rxb4 Ra8 42.Nfd3 Kd7 43.Rb6 a5 44.Kb3 Na6
45.Ka4 Nd8 46.Nc2 Nb4 47.Ndxb4 axb4+ 48.Kxb4 Kc7 49.Rb5 Nb7 50.Kc3 Nc5 51.Rb1 Rag8
52.Ne1 Ra8 53.Kc2 Rag8 54.Kc1 Ra8 55.Kb2 Rb8+ 56.Kc2 Ra8 57.Kb2 Rb8+ 58.Kc2 Ra8  1/2-1/2

[Event "World Seniors w 2013"]
[Site "Opatija CRO"]
[Date "2013.11.14"]
[Round "3.7"]
[White "Afanasieva,E"]
[Black "Gaprindashvili,N1"]
[Result "0-1"]
[WhiteElo "1625"]
[BlackElo "2312"]

1.e4 b6 2.Nc3 Bb7 3.d4 e6 4.Nf3 Bb4 5.Bd3 Nf6 6.Bg5 h6 7.Bxf6 Qxf6 8.O-O Bxc3
9.bxc3 O-O 10.c4 d6 11.Qd2 Nc6 12.Be2 e5 13.d5 Na5 14.Qc3 c6 15.Nd2 cxd5
16.exd5 Rac8 17.f4 Bxd5 18.fxe5 Qg5 19.Nf3 Bxf3 20.Rxf3 Qxe5 21.Qxe5 dxe5
22.Rc3 Rfd8 23.Rd1 Rxd1+ 24.Bxd1 Rxc4 25.Rd3 Rd4 26.Be2 Rxd3 27.cxd3 Nc6
28.Kf2 Kf8 29.Ke3 f5 30.g4 g6 31.h3 Ke7 32.gxf5 gxf5 33.Bf3 Nd4 34.Bb7 Kf6  0-1

[Event "World Seniors w 2013"]
[Site "Opatija CRO"]
[Date "2013.11.15"]
[Round "4.4"]
[White "Gaprindashvili,N1"]
[Black "Baliuniene,Margarita"]
[Result "1/2-1/2"]
[WhiteElo "2312"]
[BlackElo "1885"]

1.d4 d5 2.c4 e6 3.Nf3 Nf6 4.Nc3 Be7 5.Bg5 O-O 6.e3 h6 7.Bh4 b6 8.Qc2 Bb7
9.cxd5 exd5 10.Bd3 Nbd7 11.O-O c5 12.Rfd1 Rc8 13.Bf5 cxd4 14.exd4 Ne4 15.Bxe7 Qxe7
16.Ne5 Nxc3 17.bxc3 Bc6 18.Qb3 Qd6 19.Qb4 Qc7 20.Rac1 Rcd8 21.Bxd7 Bxd7 22.c4 dxc4
23.Rxc4 Qb7 24.Rdc1 Be6 25.R4c2 Qe4 26.Nc6 Bd5 27.Ne7+ Kh7 28.Nxd5 Qxd5 29.Rc4 Rfe8
30.Qb1+  1/2-1/2

[Event "World Seniors w 2013"]
[Site "Opatija CRO"]
[Date "2013.11.16"]
[Round "5.6"]
[White "Lauterbach,I"]
[Black "Gaprindashvili,N1"]
[Result "0-1"]
[WhiteElo "2132"]
[BlackElo "2312"]

1.e4 b6 2.d4 Bb7 3.Bd3 g6 4.Nf3 Bg7 5.Qe2 e6 6.c3 Ne7 7.O-O d6 8.a4 a6 9.Nbd2 Nd7
10.Re1 O-O 11.e5 dxe5 12.Nxe5 Nxe5 13.dxe5 Nf5 14.Nf3 Nh4 15.Be4 Bxe4 16.Qxe4 Nxf3+
17.Qxf3 Qd5 18.Qxd5 exd5 19.Bf4 c6 20.h4 Rfe8 21.g4 h6 22.Bg3 g5 23.hxg5 hxg5
24.f3 Re6 25.Kf1 Rae8 26.Bf2 b5 27.axb5 axb5 28.Bd4 Bxe5 29.Bxe5 Rxe5 30.Rxe5 Rxe5
31.Ra8+ Kg7 32.Rc8 Re6 33.Kf2 Kf6 34.Rg8 Rd6 35.Ke3 c5 36.Rb8 d4+ 37.cxd4 cxd4+
38.Kd3 Rd5 39.Re8 Re5 40.Rb8 Rd5 41.Re8 Re5 42.Rb8 Re3+ 43.Kxd4 Rxf3 44.Rb6+ Kg7
45.Rxb5 Rf4+ 46.Ke3 Rxg4 47.b4 Kg6 48.Rb6+ f6 49.Rb8 Rg1 50.Rg8+ Kf5 51.Rc8 Rb1
52.Rc5+ Kg4 53.Rc4+ Kf5 54.Kf3 Rb3+ 55.Kg2 g4 56.Rc5+ Kf4 57.Rc4+ Kg5 58.Rc5+ f5
59.b5 Kf4 60.Rc4+ Ke5 61.Rc5+ Ke4 62.Kf2 f4 63.Rc4+ Ke5 64.Rc5+ Kd4 65.Rg5 Rb2+
66.Kg1 g3 67.Rf5 Ke4 68.Rc5 f3 69.Rc4+ Kd3 70.Rc1 Rxb5 71.Ra1 Rb2 72.Kf1 Kd2  0-1

[Event "World Seniors w 2013"]
[Site "Opatija CRO"]
[Date "2013.11.18"]
[Round "6.2"]
[White "Gaprindashvili,N1"]
[Black "Melashvili,N"]
[Result "1-0"]
[WhiteElo "2312"]
[BlackElo "2126"]

1.d4 Nf6 2.c4 e6 3.Nf3 Bb4+ 4.Nbd2 b6 5.e3 Bb7 6.Bd3 Be4 7.Bxe4 Nxe4 8.O-O Nxd2
9.Nxd2 O-O 10.e4 Be7 11.Nf3 d6 12.b3 Nc6 13.Bb2 d5 14.cxd5 exd5 15.e5 Qd7
16.Ne1 Rac8 17.Nc2 f5 18.f4 Nd8 19.Ne3 Ne6 20.Qf3 c6 21.g4 g5 22.gxf5 Nxf4
23.Kh1 Kh8 24.f6 Bb4 25.Rad1 Rg8 26.a3 Bf8 27.Rg1 Rc7 28.Rg3 Qe6 29.b4 h6
30.Rd2 Rh7 31.Rc2 a6 32.Ng2 Qf5 33.Rxc6 Qb1+ 34.Bc1 Bc5 35.Nxf4 Qxc1+ 36.Rg1 Qxf4
37.Qxf4 gxf4 38.Rxg8+ Kxg8 39.bxc5 bxc5 40.e6  1-0

[Event "World Seniors w 2013"]
[Site "Opatija CRO"]
[Date "2013.11.19"]
[Round "7.2"]
[White "Miednikova,S"]
[Black "Gaprindashvili,N1"]
[Result "1/2-1/2"]
[WhiteElo "2166"]
[BlackElo "2312"]

1.e4 b6 2.d4 Bb7 3.Nd2 e6 4.Ngf3 c5 5.c3 cxd4 6.cxd4 Nf6 7.Bd3 Be7 8.O-O O-O
9.Re1 d6 10.Nf1 Nbd7 11.Ng3 Re8 12.Bd2 Nf8 13.h4 Qd7 14.h5 Bc6 15.Qe2 a6
16.Rac1 Bb5 17.Bxb5 Qxb5 18.Qxb5 axb5 19.a3 d5 20.e5 N6d7 21.Rc7 Rec8 22.Rec1 Rxc7
23.Rxc7 Ra4 24.Bc3 Rc4 25.Ra7 Rc8 26.Kf1 h6 27.Ke2 g5 28.hxg6 fxg6 29.Kd3 Kf7
30.Ne2 Ke8 31.Bd2 g5 32.g4 Nb8 33.Nc3 Nc6 34.Ra6 b4 35.Nb5 bxa3 36.bxa3 Rb8
37.Ne1 Kd7 38.f4 gxf4 39.Bxf4 Ng6 40.Bxh6 Ncxe5+ 41.dxe5 Nxe5+ 42.Ke2 Nxg4
43.Ra7+ Ke8 44.Nc7+ Kf7 45.Bg5 Nf6 46.Nf3 Nd7 47.Nxd5 Bxg5 48.Nxg5+ Kg6 49.Nxe6 Ne5
50.Rg7+ Kf5 51.Nec7 Rh8 52.Rg3 Rh2+ 53.Ke3 Nc4+ 54.Kd4 Rh4+ 55.Kc3 Nxa3 56.Nxb6 Rh1
57.Ncd5 Nb5+ 58.Kb4  1/2-1/2

[Event "World Seniors w 2013"]
[Site "Opatija CRO"]
[Date "2013.11.20"]
[Round "8.2"]
[White "Gaprindashvili,N1"]
[Black "Khmiadashvili,T"]
[Result "1/2-1/2"]
[WhiteElo "2312"]
[BlackElo "2158"]

1.d4 Nf6 2.c4 e6 3.Nf3 Bb4+ 4.Nbd2 b6 5.e3 Bb7 6.Bd3 Be4 7.Bxe4 Nxe4 8.O-O Nxd2
9.Nxd2 O-O 10.Nf3 Be7 11.e4 d6 12.Bf4 a5 13.Qe2 Nd7 14.Rfd1 Qe8 15.Rd2 f6
16.e5 fxe5 17.Bg3 exd4 18.Qxe6+ Kh8 19.Nxd4 Nc5 20.Qd5 Qd7  1/2-1/2

[Event "World Seniors w 2013"]
[Site "Opatija CRO"]
[Date "2013.11.22"]
[Round "9.2"]
[White "Bogumil,T"]
[Black "Gaprindashvili,N1"]
[Result "0-1"]
[WhiteElo "2074"]
[BlackElo "2312"]

1.e4 g6 2.d4 Bg7 3.Nf3 d6 4.c4 Nd7 5.Nc3 e5 6.Be2 Nh6 7.O-O O-O 8.Rb1 f6
9.b4 Nf7 10.c5 dxc5 11.dxc5 c6 12.Bc4 Qe7 13.Be3 Re8 14.Qb3 Nf8 15.a4 Be6
16.Nd2 Bxc4 17.Qxc4 Ne6 18.Nb3 Bh6 19.Bxh6 Nxh6 20.Rbd1 Nf7 21.Rd2 Rad8 22.Rfd1 Rxd2
23.Rxd2 Kg7 24.Ne2 Rd8 25.Qc2 Nc7 26.Na5 Na6 27.Qb2 Rxd2 28.Qxd2 Qd8 29.Qxd8 Nxd8
30.b5 Nxc5 31.bxc6 Nxc6 32.Nxc6 bxc6 33.Nc3 Kf7 34.f3 Ke6 35.Kf2 Kd6 36.Ke3 Kc7
37.f4 Kb6 38.g4 Ka5 39.g5 exf4+ 40.Kxf4 Ne6+ 41.Kg4 fxg5 42.e5 Kb4 43.Ne4 h5+  0-1

[Event "World Senior Teams 50+ 2014"]
[Site "Vilnius LTU"]
[Date "2014.07.13"]
[Round "1.7"]
[White "Gaprindashvili,N1"]
[Black "Stuart,P"]
[Result "1-0"]
[WhiteElo "2300"]
[BlackElo "2032"]

1.d4 Nf6 2.c4 e6 3.Nf3 Bb4+ 4.Nbd2 b6 5.e3 Bb7 6.Bd3 O-O 7.O-O d5 8.a3 Be7
9.b4 Nbd7 10.c5 a5 11.Qc2 c6 12.Bb2 Qc7 13.Bc3 axb4 14.axb4 bxc5 15.bxc5 Rxa1
16.Rxa1 Ra8 17.Rxa8+ Bxa8 18.Qa4 Qc8 19.Qc2 Bb7 20.Qa2 Qa8 21.Qxa8+ Bxa8
22.Nb3 Kf8 23.Ba5 Ke8 24.Bc7 Bd8 25.Bg3 Bb7 26.Nfd2 Nh5 27.Bd6 Be7 28.Bxe7 Kxe7
29.Na5 Ba8 30.f3 Nhf6 31.Nb1 h6 32.Nc3 Kd8 33.Na2 Kc7 34.Nb4 Bb7 35.Kf2 Nb8
36.e4 Bc8 37.Ke3 Ng8 38.g4 Ne7 39.e5 f6 40.h4 Bd7 41.h5 Be8 42.exf6 gxf6
43.Be2 Nd7 44.f4 e5 45.fxe5 fxe5 46.Nd3 exd4+ 47.Kxd4 Nf6 48.Ke5 Ne4 49.Nb3 Kd7
50.Nd4 Ng8 51.Bf3 Ng5 52.Bd1 Nf7+ 53.Kf4 Ke7 54.Ba4 Nd8 55.Ne5 Nf6 56.Nf5+ Ke6
57.Ng7+ Ke7 58.Nxe8 Nxe8 59.Nxc6+ Nxc6 60.Bxc6 Nf6 61.Kf5 d4 62.Bf3 Kf7 63.c6 Ne8
64.Ke5 d3 65.Kd4 d2 66.Ke3 Ke6 67.Kxd2 Kd6 68.Ke3 Ke5 69.Be4 Nc7 70.Kd3 Ne6
71.Bf5 Nc7 72.Kc4 Kd6 73.Bd7 Nd5 74.Kb5 Kc7 75.Kc5 Nf6 76.Bf5 Ng8 77.Be4  1-0

[Event "World Senior Teams 50+ 2014"]
[Site "Vilnius LTU"]
[Date "2014.07.14"]
[Round "2.1"]
[White "Arkell,K"]
[Black "Gaprindashvili,N1"]
[Result "1/2-1/2"]
[WhiteElo "2433"]
[BlackElo "2300"]

1.d4 c5 2.d5 e5 3.e4 d6 4.Nf3 g6 5.Bb5+ Nd7 6.a4 Nh6 7.O-O Bg7 8.Nc3 O-O
9.Re1 f6 10.Bd3 Nf7 11.Nd2 Bh6 12.Nc4 Bxc1 13.Qxc1 Nb6 14.Ne3 Bd7 15.a5 Nc8
16.Qb1 Ne7 17.b4 Rc8 18.Nc4 Qc7 19.bxc5 Qxc5 20.Qxb7 Rc7 21.Qb3 f5 22.Na4 Bxa4
23.Rxa4 fxe4 24.Bxe4 Ng5 25.Ne3 Nxe4 26.Rxe4 Qxa5 27.Rd1 Kg7 28.Ra4 Qc5 29.Rda1 Rfc8
30.Qa2 Nf5 31.Nxf5+ gxf5 32.Rxa7 Rxa7 33.Qxa7+ Rc7 34.Qb8 Qxc2 35.h4 Rd7
36.Qe8 Qc7 37.Qh5 Qc2 38.Qg5+ Kf7 39.Ra8 Qd1+ 40.Kh2 Qg4 41.Qxg4 fxg4 42.h5 Kf6
43.Rg8 Kf5 44.h6 Rf7 45.Rg7 Rf6 46.Rxh7 Kg6 47.Rd7 Kxh6 48.Kg3 Kg5 49.Rg7+ Kh5
50.Rg8 Rf4 51.Rd8 Rf6  1/2-1/2

[Event "World Senior Teams 50+ 2014"]
[Site "Vilnius LTU"]
[Date "2014.07.15"]
[Round "3.6"]
[White "Gaprindashvili,N1"]
[Black "Johnsen,Oystein"]
[Result "1-0"]
[WhiteElo "2300"]
[BlackElo "2046"]

1.d4 f5 2.Nf3 Nf6 3.g3 e6 4.Bg2 d5 5.O-O Bd6 6.c4 c6 7.Qc2 O-O 8.Bf4 Bxf4
9.gxf4 Nbd7 10.Nbd2 Ne4 11.Rac1 Kh8 12.e3 h6 13.Ne1 g5 14.Nd3 g4 15.f3 Nxd2
16.Qxd2 Rg8 17.fxg4 Rxg4 18.Kh1 b6 19.Bf3 Rg7 20.Rg1 Rxg1+ 21.Rxg1 Ba6 22.Rg6 Qh4
23.Rxe6 Bxc4 24.Qf2 Qxf2 25.Nxf2 Bxa2 26.Rxh6+ Kg7 27.Rxc6 Kf7 28.Nd3 a5
29.Nc1 Bc4 30.Rxc4 dxc4 31.Bxa8 Ke6 32.Bc6  1-0

[Event "World Senior Teams 50+ 2014"]
[Site "Vilnius LTU"]
[Date "2014.07.16"]
[Round "4.5"]
[White "Voronova,T"]
[Black "Gaprindashvili,N1"]
[Result "1-0"]
[WhiteElo "2176"]
[BlackElo "2300"]

1.e4 b6 2.d4 Bb7 3.f3 e6 4.Be3 d5 5.exd5 Qxd5 6.a3 Nf6 7.Nc3 Qd7 8.Nh3 Nc6
9.Bb5 a6 10.Bxc6 Qxc6 11.Nf4 Bd6 12.Nd3 Rd8 13.Qe2 Nd5 14.Nxd5 Qxd5 15.O-O O-O
16.Rad1 Qh5 17.Bf4 Bxf4 18.Nxf4 Qh4 19.Qe5 Rd6 20.g3 Qh6 21.Rd3 Rfd8 22.Rfd1 g5
23.Ng2 Qg7 24.Qxg7+ Kxg7 25.Kf2 f5 26.Ke3 Kf6 27.Ke2 h5 28.b4 Rc6 29.Rc1 Rc4
30.c3 Rdxd4 31.Rxd4  1-0

[Event "World Senior Teams 50+ 2014"]
[Site "Vilnius LTU"]
[Date "2014.07.17"]
[Round "5.5"]
[White "Gaprindashvili,N1"]
[Black "Quinn,Joh"]
[Result "1-0"]
[WhiteElo "2300"]
[BlackElo "2148"]

1.d4 Nf6 2.c4 g6 3.Nc3 Bg7 4.e4 d6 5.Be2 O-O 6.Bg5 Na6 7.Qd2 c6 8.Nf3 Bg4
9.O-O Rb8 10.h3 Bxf3 11.Bxf3 Nc7 12.Be3 Nd7 13.Be2 b5 14.cxb5 cxb5 15.b4 a6
16.a4 bxa4 17.Rxa4 Nb6 18.Ra5 d5 19.e5 e6 20.Rb1 f6 21.exf6 Qxf6 22.Bxa6 Nxa6
23.Rxa6 Nc4 24.Qe2 Qf5 25.b5 e5 26.g4 Qf7 27.dxe5 Bxe5 28.Ra7 Rb7 29.Rxb7 Qxb7
30.Nd1 Qf7 31.Bh6 Re8 32.Ne3 Bb8 33.Qd3 Nxe3 34.fxe3 Qf3 35.Qf1 Qe4 36.Rd1 Ba7
37.Qd3 d4 38.Qxe4 Rxe4 39.exd4 Rxd4 40.Rxd4 Bxd4+ 41.Kg2 Kf7 42.Kf3 Ke6 43.Ke4 Bb6
44.Bg7 Bc5 45.Bd4  1-0

[Event "World Senior Teams 50+ 2014"]
[Site "Vilnius LTU"]
[Date "2014.07.18"]
[Round "6.4"]
[White "Novikov,Vit"]
[Black "Gaprindashvili,N1"]
[Result "1-0"]
[WhiteElo "2302"]
[BlackElo "2300"]

1.e4 b6 2.d4 Bb7 3.Bd3 e6 4.Qe2 g6 5.Nf3 Bg7 6.h4 h6 7.Bf4 d6 8.Nc3 Nd7 9.e5 d5
10.Nd1 Ne7 11.Ne3 a6 12.c3 c5 13.O-O Nf5 14.h5 Nxe3 15.Bxe3 g5 16.Nh2 Qe7
17.f4 c4 18.Bc2 gxf4 19.Rxf4 O-O-O 20.Bf2 f5 21.Bh4 Qe8 22.g4 Rg8 23.Kf2 Kb8
24.gxf5 Bxe5 25.dxe5 d4 26.Be4 d3 27.Qe3 Bxe4 28.Rxe4 Nc5 29.Bxd8 Nxe4+ 30.Qxe4 Qxd8
31.Nf3 exf5 32.Qxc4 Rg4 33.Qe6 Ka7 34.Rd1 Rf4 35.Ke3 Re4+ 36.Kd2 Re2+ 37.Kc1 Rf2
38.Qd6  1-0

[Event "World Senior Teams 50+ 2014"]
[Site "Vilnius LTU"]
[Date "2014.07.19"]
[Round "7.3"]
[White "Rositsan,B"]
[Black "Gaprindashvili,N1"]
[Result "1/2-1/2"]
[WhiteElo "2101"]
[BlackElo "2300"]

1.d4 c5 2.Nf3 cxd4 3.Nxd4 d5 4.c4 e5 5.Nf3 d4 6.a3 Nc6 7.e3 Nf6 8.b4 Bg4
9.Qa4 Bxf3 10.gxf3 Be7 11.b5 Qa5+ 12.Qxa5 Nxa5 13.Bd2 Nb3 14.Ra2 Nxd2 15.Nxd2 dxe3
16.fxe3 O-O 17.Bd3 a6 18.a4 axb5 19.cxb5 Bb4 20.Ke2 Bxd2 21.Kxd2 Rfd8 22.Ke2 Nd5
23.Rc1 Nb4 24.Rd2 g6 25.Be4 Rxd2+ 26.Kxd2 Rxa4 27.Rc8+ Kg7 28.Bxb7 Ra3 29.b6 Rd3+
30.Ke2 Rd6 31.e4 Rxb6 32.Rc7 Na6 33.Bxa6 Rxa6 34.Rc2 Kf6 35.Kf2 Kg5 36.Kg3 f5
37.exf5 gxf5 38.Rc7 Ra3 39.h4+ Kg6 40.Rc6+ Kg7 41.Kg2 Ra2+ 42.Kg3 Ra3 43.Kg2 Ra2+
44.Kg3 h5 45.Rb6 f4+ 46.Kh3 Rf2 47.Rg6+ Kf7 48.Rf6+ Ke7 49.Re6+ Kd7  1/2-1/2

[Event "World Senior Teams 50+ 2014"]
[Site "Vilnius LTU"]
[Date "2014.07.20"]
[Round "8.1"]
[White "Gaprindashvili,N1"]
[Black "Kveinys,A"]
[Result "1/2-1/2"]
[WhiteElo "2300"]
[BlackElo "2527"]

1.d4 Nf6 2.c4 e6 3.Nf3 Bb4+ 4.Nbd2 b6 5.e3 Bb7 6.Bd3 O-O 7.O-O d5 8.a3 Be7
9.b4 c5 10.bxc5 bxc5 11.Rb1 Ba6 12.Qa4 Qd7 13.Qc2 cxd4 14.exd4 dxc4 15.Nxc4 Rc8
16.Qe2 Nc6 17.Rd1 Qd5 18.Ne3 Bxd3 19.Qxd3 Qd7 20.Ne5 Nxe5 21.dxe5 Qxd3 22.Rxd3 Ne4
23.Nd1 Nc5 24.Rc3 Na4 25.Rxc8+ Rxc8 26.Be3 a5 27.g3 h5 28.Rb3 Kh7 29.Kg2 Rd8
30.Nc3 Rd3 31.Rb7 Nxc3 32.Rxe7 Nd5 33.Rxf7 Nxe3+ 34.fxe3 Rxe3 35.Ra7 Rxa3
36.Re7 Kg6 37.Rxe6+ Kf5 38.Re8 Ra2+ 39.Kf3 Rxh2 40.e6 Ra2 41.e7 Ra3+ 42.Kg2 Kf6
43.Rg8 Kxe7 44.Rxg7+ Kf6 45.Rc7 Re3 46.Rc6+ Re6 47.Rc5 Kg6 48.Kh3 Rb6 49.Rd5  1/2-1/2

[Event "World Senior Teams 50+ 2014"]
[Site "Vilnius LTU"]
[Date "2014.07.21"]
[Round "9.8"]
[White "Gaprindashvili,N1"]
[Black "Mortensen,Jo"]
[Result "1-0"]
[WhiteElo "2300"]
[BlackElo "2091"]

1.d4 d5 2.c4 e6 3.Nc3 Nf6 4.Bg5 Be7 5.e3 O-O 6.Nf3 h6 7.Bh4 b6 8.Rc1 Bb7
9.cxd5 Nxd5 10.Bxe7 Qxe7 11.Bd3 Rc8 12.O-O Nxc3 13.bxc3 c5 14.Qe2 Nd7 15.e4 cxd4
16.cxd4 Nf6 17.Nd2 Rxc1 18.Rxc1 Rd8 19.Nf3 Ne8 20.Rc3 Qd7 21.Bb5 Qd6 22.Bd3 Rc8
23.Rxc8 Bxc8 24.Qc2 Qc7 25.Ne5 Qxc2 26.Bxc2 Bb7 27.f3 Nd6 28.Kf2 Kf8 29.Bb3 Ke7
30.Ke3 a5 31.a4 b5 32.axb5 Nxb5 33.Nc4 Nd6 34.Nxa5 Ba8 35.g4 f6 36.Ba4 g5
37.Kd3 Nc8 38.Bc6 Bxc6 39.Nxc6+ Kd7 40.Na5 Ne7 41.Kc4 Ng6 42.Nb3 Nh4 43.Nd2 Ng2
44.Kd3 Ne1+ 45.Ke2 Nc2 46.Nb3 Kd6 47.Kd2 Nb4 48.Kc3 Nc6 49.Kc4 Ne7 50.Nd2 Ng6
51.Kd3 Nf4+ 52.Ke3 Ng2+ 53.Kf2 Nf4 54.Nc4+ Kd7 55.Ke3 Ng2+ 56.Ke2 Nf4+ 57.Kd2 Ng2
58.Nb2 Nh4 59.Ke2 Kd6 60.Nd3 f5 61.Ne5 Ke7 62.gxf5 exf5 63.Kf2 Kf6 64.Kg3 Ke6
65.h3 Kf6 66.Nc4 Ng6 67.Nd6 fxe4 68.fxe4 Nf4 69.Nf5 h5 70.h4 Ne6 71.hxg5+ Nxg5
72.Kf4 Ne6+ 73.Ke3 Nc7 74.Nh4 Kg5 75.Nf3+ Kg4 76.d5 h4 77.Nxh4 Kxh4 78.Kf4 Kh5
79.Kf5 Kh6 80.d6 Ne8 81.e5  1-0

[Event "15th ch-Euro Seniors +65"]
[Site "Eretria GRE"]
[Date "2015.04.29"]
[Round "1.4"]
[White "Mas Recorda,P"]
[Black "Gaprindashvili,N1"]
[Result "1/2-1/2"]
[WhiteElo "2052"]
[BlackElo "2302"]

1.d4 c5 2.d5 e5 3.c4 d6 4.Nc3 g6 5.e4 Nh6 6.Nf3 Bg7 7.Bg5 f6 8.Bd2 O-O 9.Qc1 Nf7
10.h3 Na6 11.Bd3 Nc7 12.Qc2 Bd7 13.Ne2 b5 14.Ng3 a5 15.O-O Qe7 16.Rae1 Rfb8
17.b3 a4 18.Bc3 Qd8 19.Kh2 Rb7 20.Rb1 b4 21.Bb2 Ra6 22.Rbe1 Rba7 23.Qe2 Bh6
24.Bb1 Bf4 25.Kh1 Qc8 26.Ng1 Qf8 27.Qd3 Ne8 28.N3e2 Bh6 29.Qg3 Ng7 30.Qh2 Nh5
31.g3 g5 32.g4 Nf4 33.Ng3 Qc8 34.Nf5 Bf8 35.Ne2 Nxe2  1/2-1/2

[Event "15th ch-Euro Seniors +65"]
[Site "Eretria GRE"]
[Date "2015.05.02"]
[Round "4.3"]
[White "Gaprindashvili,N1"]
[Black "Gruzmann,B"]
[Result "1-0"]
[WhiteElo "2302"]
[BlackElo "2210"]

1.d4 Nf6 2.c4 d6 3.Nc3 Bf5 4.g3 c6 5.Bg2 g6 6.e4 Bg4 7.Nf3 Bg7 8.h3 Bxf3
9.Bxf3 O-O 10.Be3 Na6 11.O-O e5 12.Qd2 Qc7 13.Bg2 Nh5 14.Bf3 Nf6 15.Rad1 Rfe8
16.g4 exd4 17.Bxd4 Nc5 18.e5 Nfd7 19.exd6 Qxd6 20.Bxg7 Qxd2 21.Rxd2 Kxg7
22.b4 Ne5 23.Be2 Na6 24.f4 Nxb4 25.fxe5 Rxe5 26.Rd7 Rf8 27.Rxb7 Nxa2 28.Nxa2 Rxe2
29.Rxa7 Rc2 30.Rc1 Rxc1+ 31.Nxc1 Rd8 32.Kf2 Rd4 33.Ra4 Rd1 34.Ne2 Rd3 35.Ra6 Rd6
36.c5 Rf6+ 37.Kg3 h5 38.Nd4 hxg4 39.hxg4 Rf1 40.Rxc6 Rg1+ 41.Kf4 f6 42.Nf3 Rc1
43.g5 Rc4+ 44.Kg3 fxg5 45.Rxg6+ Kf8 46.Rxg5 Ke7 47.Kf2 Rc3 48.Nd4 Rc1 49.Ke3  1-0

[Event "15th ch-Euro Seniors +65"]
[Site "Eretria GRE"]
[Date "2015.05.03"]
[Round "5.1"]
[White "Rooze,J"]
[Black "Gaprindashvili,N1"]
[Result "1-0"]
[WhiteElo "2311"]
[BlackElo "2302"]

1.e4 b6 2.d4 Bb7 3.Bd3 e6 4.Nf3 d6 5.O-O Ne7 6.d5 e5 7.a4 a6 8.a5 Ng6 9.axb6 cxb6
10.Na3 Be7 11.Nc4 O-O 12.Be3 Nd7 13.Ra3 Rb8 14.b4 Bc8 15.Ncd2 Ra8 16.Qa1 Qc7
17.g3 Bd8 18.Rc1 Qb7 19.Qa2 Nb8 20.c4 Nd7 21.Nb3 Be7 22.Nfd2 Qc7 23.c5 dxc5
24.bxc5 bxc5 25.Nc4 Re8 26.Nba5 Bf8 27.Rb1 Rb8 28.Rab3 Rxb3 29.Qxb3 Nf6 30.f3 Bd7
31.Nb6 Rb8 32.Bxa6 Qa7 33.Nc6 Bxc6 34.dxc6 Qxa6 35.c7 Re8 36.Qb5 Qa3 37.Bg5 Qa2
38.Bxf6 gxf6 39.Rf1 Qe6 40.Qxe8 Qxe8 41.c8=Q Qe6 42.Qxe6 fxe6 43.Nd7  1-0

[Event "15th ch-Euro Seniors +65"]
[Site "Eretria GRE"]
[Date "2015.05.04"]
[Round "6.3"]
[White "Muratoglu,S"]
[Black "Gaprindashvili,N1"]
[Result "1/2-1/2"]
[WhiteElo "1960"]
[BlackElo "2302"]

1.d4 c5 2.c3 Nf6 3.Nf3 e6 4.e3 d5 5.Be2 Nc6 6.O-O Bd6 7.Nbd2 O-O 8.Qc2 e5
9.dxe5 Nxe5 10.Nxe5 Bxe5 11.Nf3 Bc7 12.Rd1 Qe7 13.c4 dxc4 14.Qxc4 Ne4 15.Bd2 Bd7
16.Be1 Bc6 17.a4 Rfd8 18.b4 Rxd1 19.Bxd1 Rd8 20.bxc5 Qxc5 21.Qxc5 Nxc5 22.Nd4 Be8
23.Bc2 Be5 24.Bc3 Bf6  1/2-1/2